000 01766cam a2200361 a 4500
001 17264300
003 OSt
005 20140310182903.0
008 120420s2012 ph b 001 0 eng
010 _a 2012325150
020 _a9789715066341
040 _aDLC
_cDLC
041 0 _aeng
_atgl
042 _alcode
_apcc
043 _aa-ph---
050 0 0 _aPL 5538
_b.R457 2012
082 _aFIL 810.989921073
_bR457 2012
100 1 _aReyes, Soledad S.
245 1 0 _aNarratives of note
_bstudies of popular forms in the twentieth century
_cReyes, Soledad S.
260 _aEspaƱa, Manila, Philippines
_bUniversity of Santo Tomas Pub. House
_c2012
300 _axxix, 263 p.
_c23 cm.
504 _aIncludes bibliographical references (p. 250-259) and index.
505 0 _aAspects of the "medieval vision" in selected Tagalog novels -- Beyond Madonna and Magdalena, the variety of female characters in selected popular texts -- The novel (2008) and its context -- Amorsolo and Pineda, the barrio in painting and literature, 1909-1947 -- Francisco V. Coching, framing the writer, the komiks, the novel -- Paano ba ang maging bayani? Ang ginto sa Makiling (1947) sa ika-21 dantaon -- The komiks and retelling the lore of the folk -- Ang realismo sa panitikan at kulturang popular -- Ang liwayway at ang panitikang Tagalog, 1922-1975 -- The interconnectedness of things, the production of arts in the Philippines.
521 _aCollege
526 _c1210L-1700L
541 _j1
546 _aIn English, and some articles in Tagalog.
562 _e1
650 0 _aPhilippine literature
_y20th century
_xHistory and criticism.
906 _a7
_bcbc
_corigode
_d3
_encip
_f20
_gy-gencatlg
942 _2lcc
_cBK
_kFIL
999 _c17122
_d17122